000 01222nam a22003137a 4500
005 20180224160011.0
010 _a1516EN07 ENG-114555 B-663994
020 _a9788131527283
_c995.00
020 _a813152728x
_c995.00
035 _aEN-98087
035 _aB-605108-123
035 _aB-663994
037 _bRajasthani Granthgar
_adpl
037 _bDBAD/PUB
082 _a320
100 _aEbenstein, William
_d1910-1976
245 0 0 _aIntroduction to political thinkers /
_cby William Ebenstein [and] Alan Ebenstein
250 _a2nd ed
260 _aDelhi
_bCengage Learninig
_c2015
270 _a418, F.I.E, Patparganj
_bDelhi
_e110092
300 _axiv,363p.
_c24cm(pbk)
500 _aIncludes bibliographical references
650 _a Political science.
650 _aPolitical science
_xHistory.
700 _aEbenstein, Alan
942 _2ddc
_cEN
_mEBE
_h320
999 _c96071
_d96071